Which Decade Was It? Quiz Stats

 Plays Quiz Updated Jun 26, 2013

Challenge
Share
Tweet
Embed
Score 0/40 Timer 05:00
0 Plays Today
Event Decade % Correct
First man walks on the moon (60 or 70)???
91%
The Titanic sinks (10 or 20)???
86.8%
Ronald Reagan shot (70 or 80)???
83.2%
World War I ends (10 or 20)???
80.7%
Space shuttle Challenger explodes (80 or 90)???
78.9%
World War II begins (30 or 40)???
77.6%
Hawaii becomes a state (50 or 60)???
76.7%
Facebook created (90 or 00)???
76.5%
The Matrix released in theaters (90 or 00)???
76.4%
First Garfield comic published (70 or 80)???
74.2%
Kyrgyzstan becomes independent country (80 or 90)???
72.8%
Miracle on Ice (70 or 80)???
71%
Arnold Schwarzenegger wins his first Mr. Olympia bodybuilding title (60 or 70)???
70.6%
Instagram launched (00 or 10)???
69.6%
Final episode of M*A*S*H (70 or 80)???
68.7%
Queen Elizabeth II begins her reign (40 or 50)???
67.6%
Brazil wins its first World Cup (50 or 60)???
67.6%
Scientology founded (40 or 50)???
67.6%
Chicago White Sox throw the World Series (10 or 20)???
67.5%
Panama takes control of the Panama Canal (90 or 00)???
65.2%
Event Decade % Correct
Rodney King beat by police (80 or 90)???
64%
Wheel of Fortune debuts (70 or 80)???
63.1%
Jamaican national bobsled team's first Olympic appearance (80 or 90)???
62.6%
Terrorists led by Ramzi Yousef attack the World Trade Center (90 or 00)???
62.4%
First four-minute mile (40 or 50)???
61.8%
Marshall University football team plane crash (60 or 70)???
61.6%
The Hitchhiker's Guide to the Galaxy published (70 or 80)???
61.4%
The first Super Bowl is played (50 or 60)???
61.3%
Tulsa race riot (10 or 20)???
60.9%
India becomes independent from the United Kingdom (40 or 50)???
58.3%
D. B. Cooper hijacks Northwest Orient flight 305 (60 or 70)???
55.5%
Iran Air Flight 655 shot down by US warship (70 or 80)???
52.7%
First known AIDS death in the US (70 or 80)???
47.4%
First man in space (50 or 60)???
47.2%
Robert Mugabe becomes Prime Minister of Zimbabwe (70 or 80)???
46.8%
Soviet Union established (10 or 20)???
39.9%
Pol Pot comes to power (60 or 70)???
38.3%
Canadian dollar bill discontinued (80 or 90)???
37.1%
Passenger pigeon goes extinct (00 or 10)???
34.4%
USS Cole attacked in Yemen (90 or 00)???
31.6%

You're not logged in!

Compare scores with friends on all Sporcle quizzes.
Join for Free
OR
Log In

You Might Also Like...

Show Comments

Extras

Top Quizzes Today


Score Distribution

Your Account Isn't Verified!

In order to create a playlist on Sporcle, you need to verify the email address you used during registration. Go to your Sporcle Settings to finish the process.

Report this User

Report this user for behavior that violates our Community Guidelines.

Details: